Guía ilustrada de la flora representativa de las selvas del Norte del Guaviare : (Registro nro. 9068)

Detalles MARC
000 -CABECERA
Campo de control 01231nam a22002777a 4500
005 - FECHA Y HORA DE LA ULTIMA TRANSACCION
Campo de control 20150302100518.0
008 - ELEMENTOS DE LONGITUD FIJA—INFORMACION GENERAL
Campo de control 150220s2012 ck a gr 00110 spa d
020 ## - ISBN
ISBN 9789584640697
040 ## - FUENTE DE CATALOGACIÓN
Agencia catalogadora original CO-BoBLA
Agencia transcriptora CO-BoBLA
Agencia Modificadora Co-BoIAvH
041 ## - IDIOMA
Código de idioma para texto/pista de sonido o título separado Español
044 ## - PAÍS DE PUBLICACIÓN
País de publicación Colombia
082 04 - NUMERO DE CLASIFICACION DECIMAL DEWEY
Número de clasificación 580.986
Número del ítem A71g
100 1# - ASIENTO PRINCIPAL--NOMBRE PERSONAL
Nombre personal Ariza Cortés, William.
245 10 - MENCION DE TITULO
Título Guía ilustrada de la flora representativa de las selvas del Norte del Guaviare :
Parte restante del título Municipio de Mapiripán, Departamento del Meta /
Mención de responsabilidad William Ariza Cortés, César Eduardo Barbosa Castillo, Lyndon Carvajal Rojas.
260 ## - PUBLICACION, DISTRIBUCION, ETC. (PIE DE IMPRENTA)
Lugar de publicación, distribución, etc. Bogotá :
Nombre del editor, distribuidor, etc. Pluspetrol :
-- Universidad Distrital Francisco José de Caldas,
Fecha de publicación, distribución, etc. 2012.
300 ## - DESCRIPCION FISICA
Extensión 178 p. :
Otros detalles físicos ilustraciones ;
Dimensiones 22 cm.
504 ## - NOTA DE BIBLIOGRAFIA, ETC.
Nota de bibliografía Incluye referencias bibliográficas (pág 169-170) e índice.
650 #4 - ASIENTO SECUNDARIO DE MATERIA - TERMINO TEMATICO
Término temático o nombre geográfico como elemento de entrada Botánica
Subdivisión geográfica Mapiripán (Meta, Colombia)
650 #4 - ASIENTO SECUNDARIO DE MATERIA - TERMINO TEMATICO
Término temático o nombre geográfico como elemento de entrada Botánica
Subdivisión general Fichas técnicas.
650 #4 - ASIENTO SECUNDARIO DE MATERIA - TERMINO TEMATICO
Término temático o nombre geográfico como elemento de entrada Adaptación vegetal
Subdivisión geográfica Mapiripán (Meta, Colombia)
650 #4 - ASIENTO SECUNDARIO DE MATERIA - TERMINO TEMATICO
Término temático o nombre geográfico como elemento de entrada Plantas
Subdivisión general Clasificación
Subdivisión geográfica Meta (Colombia)
650 #4 - ASIENTO SECUNDARIO DE MATERIA - TERMINO TEMATICO
Término temático o nombre geográfico como elemento de entrada Flora
Subdivisión geográfica Mapiripán (Meta, Colombia)
700 1# - ASIENTO SECUNDARIO - NOMBRE PERSONAL
Nombre personal Barbos Castillo, César Eduardo
700 1# - ASIENTO SECUNDARIO - NOMBRE PERSONAL
Nombre personal Carvajal Rojas, Lyndon
942 ## - ELEMENTOS ADICIONALES (KOHA)
Sistema de clasificación Dewey Decimal Classification
Tipo de ítem Libro
Existencias
Withdrawn status Lost status Sistema de Clasificación Damaged status No para préstamo Colección Inventariado Ubicación Permanente Ubicación actual Fecha de adquisición Fuente de Valor Valor Total Checkouts Número topográfico Inventario / Código de Barras Date last seen Ejemplar Price effective from Forma de adquisición Tipo de material
    Dewey Decimal Classification     General Inventariado 2017 Bogotá Bogotá 02/03/2015 Instituto 39000.00   LB-580.986 A71g 038948 02/03/2015 Ej. 1 02/03/2015   Libro